000
00266nam a22001097a 4500
008
150604t xxu||||| |||| 00| 0 eng d
020
_a
978-969-9532-00-9
100
_a
Dr. Safdar Ali Shah
_9
989
245
_a
Churches of pakistan
300
_a
123
942
_2
ddc
_c
BK
999
_c
479687
_d
479687